| 000 | 01179nam a2200277 i 4500 | ||
|---|---|---|---|
| 999 |
_c200439591 _d57803 |
||
| 003 | TR-AnTOB | ||
| 005 | 20220412100229.0 | ||
| 007 | ta | ||
| 008 | 210218b tu g 00| 0 tur d | ||
| 040 |
_aTR-AnTOB _beng _erda _cTR-AnTOB |
||
| 041 | 0 | _atur | |
| 050 | 1 | 4 |
_aHG3256.5.A6 _bO64 |
| 090 |
_aHG3256.5.A6 _bO64 |
||
| 245 | 0 | 0 |
_aOpening addresses delivered by Dr. Rüşdü Saracoğlu governer the central bank of Turkey and chairman board of directors : _bthe banks association of Turkey (1988-1990) = Türkiye Cumhuriyet Merkez Bankası Başkanı ve Türkiye Bankalar Birliği yönetim kurulu başkanı Dr. Rüşdü Saracoğlu tarafından yapılan açış konuşmaları (1988-1990). |
| 264 | 1 |
_aAnkara : _bThe Banks Association of Turkey. _c[date of publication not identified] |
|
| 300 |
_a63 pages ; _c22 cm |
||
| 336 |
_2rdacontent _atext _btxt |
||
| 337 |
_2rdamedia _aunmediated _bn |
||
| 338 |
_2rdacarrier _avolume _bnc |
||
| 610 | 2 | 0 |
_aTürkiye Bankalar Birliği _934056 |
| 650 | 7 |
_aBankalar ve bankacılık _zTürkiye _2etuturkob _99766 |
|
| 710 | 2 |
_aTürkiye Bankalar Birliği _934056 |
|
| 942 |
_2lcc _cBK |
||